INTRODUCTION TO HOSPITALITY MANAGEMENT (Record no. 9186)

MARC details
000 -LEADER
fixed length control field 00456nam a22001577a 4500
003 - CONTROL NUMBER IDENTIFIER
control field SGT
020 ## - INTERNATIONAL STANDARD BOOK NUMBER
International Standard Book Number 9788131702154
082 ## - DEWEY DECIMAL CLASSIFICATION NUMBER
Classification number 647.94068, WAL
100 ## - MAIN ENTRY--PERSONAL NAME
Personal name WALKER JOHAN R.
245 ## - TITLE STATEMENT
Title INTRODUCTION TO HOSPITALITY MANAGEMENT
260 ## - PUBLICATION, DISTRIBUTION, ETC. (IMPRINT)
Place of publication, distribution, etc NEW DELHI
Name of publisher, distributor, etc PEARSON
Year of Publication 2006
300 ## - PAGE DESCRIPTION
No. of Pages 799
650 ## - SUBJECT ADDED ENTRY--TOPICAL TERM
Topical term or geographic name as entry element HOSPITALITY MANAGEMENT
653 ## - KEYWORDS--INDEX TERM
Keyword term TOURISM, THE HOTAL BUSINESS DEVELOPMENT AND CLASSIFICATION, HOTEL AND ROOMS DIVISION OPERATION
942 ## - ADDED ENTRY ELEMENTS (KOHA)
Source of classification or shelving scheme Dewey Decimal Classification
Koha item type FCM Books
Holdings
Withdrawn status Lost status Source of classification or shelving scheme Damaged status Not for loan Collection code Home library Current library Shelving location Date acquired Vendor Name SGTU Total Checkouts Full call number Accession No. (Barcode) Date last seen Bill Date Koha item type
    Dewey Decimal Classification     COMMERCE MANAGEMENT SGT Science & Social Sciences Library SGT Science & Social Sciences Library Text Book 08/07/2016 GIFT BY DR. DILIP SINGH SGTU   647.94068, WAL CM296 22/06/2016   FCM Books